[Event "Pan American-ch School U15 12th"]
[Site "Callao"]
[Date "2023.10.17"]
[Round "3"]
[White "Villavicencio Luna Victoria, Fernando Daniel"]
[Black "Vasquez Uribe, Alessandro Jose"]
[Result "0-1"]
[WhiteElo "1025"]
[BlackElo "1170"]
[PlyCount "85"]
[EventDate "2023.10.16"]
[EventType "swiss"]
[EventRounds "9"]
[EventCountry "PER"]
[SourceTitle "CBM 217 Extra"]
[Source "ChessBase"]
[SourceDate "2024.01.31"]
[SourceVersion "1"]
[SourceVersionDate "2024.01.31"]
[SourceQuality "1"]

1. e4 c5 2. Nf3 d6 3. d4 cxd4 4. Nxd4 Nf6 5. Nc3 g6 6. Be3 Bg7 7. h3 Nc6 8. Nf3 0-0 9. Bd3 Be6 10. 0-0 a6 11. Rc1 Qc7 12. a3 d5 13. exd5 Nxd5 14. Nxd5 Bxd5 15. c3 Rfd8 16. Bc2 Bc4 17. Nd4 Bxf1 18. Kxf1 Nxd4 19. cxd4 Qh2 20. Qf3 Qd6 21. Bb3 e6 22. Rd1 Qd7 23. Rd2 Qb5+ 24. Ke1 Qxb3 25. Ke2 Rac8 26. Qe4 Qb5+ 27. Kf3 Qh5+ 28. Kg3 Qd5 29. Qd3 e5 30. f3 exd4 31. Bf4 Be5 32. Bxe5 Qxe5+ 33. Kf2 Qe3+ 34. Kg3 Qxd3 35. Rxd3 Rc2 36. Rb3 d3 37. Rxd3 Rxd3 38. h4 Rdd2 39. Kf4 Rxg2 40. b4 Rc3 41. Ke4 Rg3 42. Kf4 Rgxf3+ 43. Ke4 0-1

[Event "Pan American-ch School U15 12th"]
[Site "Callao"]
[Date "2023.10.16"]
[Round "1"]
[White "Ramirez Mori, Angel Farid"]
[Black "Vasquez Uribe, Alessandro Jose"]
[Result "1-0"]
[WhiteElo "1573"]
[BlackElo "1170"]
[PlyCount "85"]
[EventDate "2023.10.16"]
[EventType "swiss"]
[EventRounds "9"]
[EventCountry "PER"]
[SourceTitle "CBM 217 Extra"]
[Source "ChessBase"]
[SourceDate "2024.01.31"]
[SourceVersion "1"]
[SourceVersionDate "2024.01.31"]
[SourceQuality "1"]

1. e4 c5 2. Nf3 d6 3. d4 cxd4 4. Nxd4 Nf6 5. Nc3 g6 6. Be3 Nc6 7. f3 h5 8. Qd2 Nxd4 9. Bxd4 Bh6 10. Qf2 Qa5 11. Bb5+ Kf8 12. Bxf6 exf6 13. 0-0 f5 14. Qd4 Qb6 15. Qxb6 axb6 16. Rad1 Be3+ 17. Kh1 Bc5 18. Nd5 Rxa2 19. b4 Rxc2 20. bxc5 Rxc5 21. Rc1 Be6 22. Rxc5 bxc5 23. Rd1 fxe4 24. fxe4 Kg7 25. Nc7 Rd8 26. Rxd6 Rxd6 27. Ne8+ Kh6 28. Nxd6 b6 29. h4 g5 30. g3 gxh4 31. gxh4 Kg6 32. e5 Kg7 33. Kh2 Kg6 34. Kg3 f6 35. Bd3+ f5 36. Kf4 Kg7 37. Bxf5 Bd5 38. e6 Kf6 39. Ne8+ Ke7 40. Nc7 Bb3 41. Ke5 Ba2 42. Nd5+ Ke8 43. Bg6+ 1-0